01246cam a2200301 i 450000100090000000300040000900500170001300800410003001000170007102000180008802000180010604000280012404200080015205000240016008200190018410000280020324000260023124503800025725000200063726400360065730000230069350000970071650000200081365000270083365000270086070000280088770000290091519285558OSt20230819114139.0160922s2018 nyu 001 0 eng  a 2016031095 a9789353067021 a9780134633282 aDLCbengcDLCerdadDLC apcc00aHD38.7b.B8714 201800a658.472bSHA/B1 aSharda, Ramesheauthor.10aBusiness intelligence10aBusiness intelligence, analytics, and data science :ba managerial perspective /cRamesh Sharda, Oklahoma State University, Dursun Delen, Oklahoma State University, Efraim Turban, University of Hawaii ; with contributions to previous editions by, J. E. Aronson, The University of Georgia, Ting-Peng Liang, National Sun Yat-sen University, David King, JDA Software Group, Inc. aFourth edition. 1aNew York, NY:bPearson,c[2018] a512 pages ;c26 cm aEarlier edition published as: Business intelligence : a managerial perspective on analytics. aIncludes index. 0aBusiness intelligence. 0aIndustrial management.1 aDelen, Dursun,eauthor.1 aTurban, Efraim,eauthor.